00916nam a2200229 a 450000100100000000500170001000800410002704000250006810000270009324000460012024500850016626000440025130000370029549000370033250000330036950000350040250400320043770000450046983000440051495201110055899900170066900004020620201002034001.0130815s1971 sp ac 000 0 spa d aDO-SdBNPbspacBNPHU1 aMaquet, Jacques96647310lEspañolaSociété et pouvoir Afrique13aEl poder negro en Africa /cJacques Maquet ; traductor Fabián García-Prieto. aMadrid :bEdiciones Guardarrama,c1971. a254 p. :bils., retrs. ;c20 cm.1 aBiblioteca para el Hombre Actual aIncluye índice analítico aTraducido del idioma francés aBibliografía : p. 247-2501 aGarcía-Prieto, Fabián,etrad.966474 0aBiblioteca para el Hombre Actual951979 001054708MOaGRbGRcCTd2013-08-15iLF1l0o p40206-10r2020-06-25w2020-06-25y4ZPréstamo en sala c39696d39696